| 000 | 00645nam a22002057a 4500 | ||
|---|---|---|---|
| 005 | 20220716115626.0 | ||
| 008 | 220716b ||||| |||| 00| 0 eng d | ||
| 040 | _cAL | ||
| 041 | _aEnglish | ||
| 082 |
_223 _a052 _bINDI |
||
| 100 |
_aIndian Council Of World Affairs _950371 |
||
| 245 | _aIndia Quarterly: A Journal of International Affairs | ||
| 260 |
_aNew Delhi _bIndian Council Of World Affairs _c2005 |
||
| 300 |
_a229 p. _bPB _c24x16 cm. |
||
| 440 |
_aVol LXI No 2 April-June 2005 _950372 |
||
| 650 |
_aWorld Politics _950373 |
||
| 650 |
_aWorld Economy _950374 |
||
| 700 |
_aINDIAN COUNCIL OF WORLD AFFAIRS _950375 |
||
| 942 |
_2ddc _cGF |
||
| 999 |
_c223876 _d223876 |
||